[Event "FRA-chT poule haute"]
[Site "France"]
[Date "2003.05.09"]
[Round "10.3"]
[White "Agrest, Evgenij"]
[Black "Adams, Michael"]
[Result "1/2-1/2"]
[WhiteElo "2591"]
[BlackElo "2734"]
[Annotator "Ribli,Z"]
[PlyCount "139"]
[EventDate "2003.05.07"]
[EventType "team"]
[EventRounds "4"]
[EventCountry "FRA"]
[SourceTitle "CBM 095"]
[Source "ChessBase"]
[SourceDate "2003.07.25"]
[SourceVersion "1"]
[SourceVersionDate "2003.07.25"]
[SourceQuality "1"]
[WhiteTeam "Nice"]
[BlackTeam "Paris NAO"]
[WhiteTeamCountry "FRA"]
[BlackTeamCountry "FRA"]

1. Nf3 Nf6 2. c4 e6 3. Nc3 Bb4 4. Qc2 c5 5. a3 Ba5 6. g3 Nc6 7. Bg2 O-O 8. O-O
d6 9. e3 {Dieser Zugfolge wird selten gespielt. Die Alternative 9.d3 ist
populärer.} (9. d3 h6 (9... Bd7 10. Rb1 Rc8 11. Na2 Bc7 12. b4 b6 13. b5 Ne5
14. Ne1 d5 15. f4 Ng6 16. cxd5 exd5 17. e4 d4 18. Nf3 Bb8 19. Nd2 Ne8 20. a4 f5
21. e5 Be6 {1/2-1/2 Agrest,E-Romanishin,O/Biel 1997/CBM 60 ext (21)}) 10. e3 e5
11. h3 Be6 12. Kh2 Rc8 13. b3 d5 14. Na4 b6 15. Rd1 d4 16. Rb1 a6 17. exd4 exd4
18. Bf4 {1/2-1/2 Karpov,A-Adams,M/Groningen 1995/CBM 51 (47)}) 9... e5 10. d3 {
Schwarz hat eigentlich ein Tempo gewonnen gegenüber der Variante 9.d3 (statt 9.
e3) h6 10.e3 e5. Hier haben wir eine ähnliche Stellung, aber in unsere Partie
kann Schwarz den Zug h6 einsparen.} a6 (10... Bd7 11. Bd2 a6 12. Nh4 Rb8 13. f4
b5 14. b3 bxc4 15. bxc4 exf4 16. gxf4 Re8 17. Nf3 {1/2-1/2 Van Wely,L-Adams,M/
Wijk aan Zee 2002/CBM 87 (52)}) 11. b3 Rb8 $11 {[%cal Gb7b5] Schwarz möchte am
Damenflügel mit b7-b5 aktiv spielen.} 12. Nd2 Bd7 13. Nde4 Nxe4 (13... Ne8 $6
14. Nd5 $14 (14. f4 $14)) 14. dxe4 (14. Nxe4 f5 15. Nxd6 (15. Nc3 f4 $13) 15...
Qe7 {[%csl Rd6]} 16. b4 (16. Bd5+ Kh8 17. Nf7+ Rxf7 18. Bxf7 Qxf7 $19) 16...
Bb6 17. Nxb7 Rxb7 18. b5 axb5 19. cxb5 Nd8 $17) 14... Bxc3 $1 {[%mdl 32]
Schwarz tauscht den Springer, so kann Weiß nicht die Schwächung des d5-Feldes
benutzen.} (14... b5 15. Nd5 $13) 15. Qxc3 b5 {[%cal Gb8b1]} 16. Bd2 bxc4 17.
bxc4 (17. Qxc4 $6 {[%csl Rb3]} Qb6 $36) 17... Be6 18. f4 f6 $15 {[%csl Gc5,Rd2,
Gd6,Ge5,Gf6,Rg2] Schwarz hat eine starke dunkelfarbige Bauernmasse - das weiße
Läuferpaar steht passiv.} 19. Bf3 exf4 20. gxf4 (20. exf4 Nd4 $17 {[%csl Gd4]
[%cal Rb8b3,Rb3f3]}) 20... Qd7 21. Be1 {[%cal Ge1g3,Gg3b8]} Rb6 22. Bg3 Rfb8 {
[%cal Gb8b1]} 23. Bd1 Bf7 (23... Qf7 24. f5 Bxc4 25. Bxd6 Bxf1 26. Bxb8 Rxb8
27. Kxf1 c4 28. Be2 Ne5 $15) 24. Bc2 h5 $36 {Schwarz hat die Initiative am
Königsflügel.} 25. Rf2 Qh3 {[%cal Rh5h4]} 26. f5 {[%cal Gg3b8] Weiss muss die
Diagonale des Bg3 oeffnen.} Rd8 (26... Ne5 $5 $15) 27. Bf4 Ne5 {[%csl Ge5]} 28.
Bd3 Rdb8 29. Bf1 Rb1 $17 30. Rxb1 Rxb1 {[%cal Gb1g1]} 31. Qc2 Ra1 (31... Re1 $1
32. Qe2 Rxe2 33. Bxh3 Bxc4 $19) 32. Qb2 Rd1 33. Qc2 Rxf1+ $5 {Nach diesem Zug
bekommt Schwarz ein besseres Endspiel, aber die Alternative kommt auch stark
in Betracht.} (33... Ra1 34. Qb2 Re1 $1) 34. Rxf1 Bxc4 $44 {[%csl Gc4,Re3,Re4,
Rf5] Schwarz hat nur einen Bauern für die Qualität, aber die weißen Bauern
sind sehr schwach.} 35. Rf2 Bd3 36. Qa4 Kh7 (36... Qg4+ 37. Rg2 Qf3 38. Rf2)
37. Qd1 Bxe4 $17 38. Qf1 Qxf1+ $6 {Statt dieser Fortsetzung wäre es viel
besser die Dame auf dem Brett zu behalten.} (38... Qg4+ $1 39. Bg3 Nf3+ (39...
Bf3 $19) 40. Rxf3 Bxf3 $19) 39. Rxf1 {[%mdl 4096]} Nc4 40. Rd1 d5 {[%csl Gc5,
Gd5] Schwarz hat zwei Bauern mehr und eine sehr aktive Stellung für die
Qualität.} 41. Rc1 Bxf5 42. Bb8 {[%cal Gb8a7,Ga7c5]} Nxa3 (42... Nxe3 43. Rxc5
$17) 43. Rxc5 Be4 44. Kf2 (44. Ra5 Nc4 45. Rxa6 Nxe3 $17) 44... Nc4 45. Bc7 Kg6
46. Rc6 a5 47. Ra6 Kf5 48. h3 (48. Bxa5 Kg4 49. Bc7 $17) 48... Kg5 49. Ra7 Bf5
(49... Kh4 50. Bg3+ Kxh3 51. Rxg7 h4 52. Bc7 a4 $17) 50. Bd8 g6 51. Kg3 h4+ 52.
Kf2 Bxh3 53. Ra6 {[%csl Rf6]} Bf5 54. Rxf6 $15 {Endlich konnte Weiß den Turm
aktivieren. Schwarz hat Materialvorteil, aber wegen des reduzierten Material
hat Weiß gute Rettungschancen.} Kg4 55. Rf8 Nd6 56. Bxa5 Ne4+ 57. Kg1 Ng5 58.
Rh8 h3 59. Rd8 Be4 60. Rf8 Nf3+ 61. Kf2 g5 62. Rxf3 $1 {Mit diesem Zug kann
Weiß das Spiel vereinfachen und das Remis erreichen.} Bxf3 63. Bc7 $11 {
[%cal Gc7h2] Jetzt - mit zwei Bauern weniger - kann Weiss das Remis leicht
halten. Er muss nur den Läufer auf der Diagonalen b8-h2 halten. Schwarz kann
seine Stellung nicht verbessern.} Be4 64. Bd6 Bf5 65. Bc7 Be6 66. Bb8 Kf5 67.
Bc7 Ke4 68. Bb8 g4 69. Bc7 Kd3 70. Bb8 1/2-1/2

[Event "GER-ch 70th"]
[Site "Bremen"]
[Date "1998.11.10"]
[Round "5"]
[White "Gabriel, Christian"]
[Black "Lobron, Eric"]
[Result "1/2-1/2"]
[WhiteElo "2555"]
[BlackElo "2540"]
[Annotator "Ribli,Z"]
[PlyCount "75"]
[EventDate "1998.11.06"]
[EventType "swiss"]
[EventRounds "9"]
[EventCountry "GER"]
[SourceTitle "CBM 068"]
[Source "ChessBase"]
[SourceDate "1999.02.01"]
[SourceVersion "1"]
[SourceVersionDate "1999.02.01"]
[SourceQuality "1"]

1. Nf3 Nf6 2. c4 e6 3. Nc3 Bb4 4. Qc2 {Diese Fortsetzung ist viel ruhiger als
4.g4. Weiß möchte im folgenden a2-a3 nebst Qxc3 spielen. Ribli.} O-O 5. a3 Bxc3
6. Qxc3 d6 {Schwarz möchte die Stellung geschlossen halten und mit folgendem ..
.e6-e5 die Beweglichkeit des weißen schwarzfeldrigen Läufers einschränken.} 7.
g3 e5 8. d3 (8. Bg2 e4 9. Nd4 Re8 10. b4 c5 11. Nc2 Nc6 12. Bb2 Be6 13. O-O Qd7
14. d4 Bh3 15. dxc5 Bxg2 16. Kxg2 dxc5 17. b5 Nd8 18. Rad1 Qg4 19. Qe3 Nh5 20.
h3 Qg6 21. Kh2 b6 22. Ne1 Ne6 {0-1 Cebalo,M-Zelcic,R/Bled 1997/CBM 57 ext (53)}
) 8... Re8 (8... h6 9. b4 Re8 10. Bb2 b6 11. Bg2 Bb7 12. O-O c5 13. e4 Nc6 14.
b5 Nd4 15. Nxd4 cxd4 16. Qc2 Nd7 17. f4 Nc5 18. f5 a6 19. a4 axb5 20. axb5 Qf6
21. h4 Kf8 22. Ba3 Ke7 23. Ra2 Kd7 24. Rfa1 Kc7 {1/2-1/2 Morovic Fernandez,
I-Kortschnoj,V/Santiago 1991/CBM 25 ext (38)}) 9. Bg2 a5 {[%cal Ga5a4]} 10. b3
{Weiß muß so spielen, sonst kommt Schwarz mit 10...a4 und das Feld b3 wäre
schwach.} h6 11. Bb2 {[%cal Gb2g7] [#]Weiß besitzt das Läuferpaar und die
Öffnung der Stellung wäre für ihn vorteilhaft.} c5 {Schwarz spielt eine "
Anti-b2-Läufer" Strategie. Er hat seinen schwarzfeldrigen Läufer schon
abgetauscht und stellt die Bauern auf schwarze Felder.} 12. O-O Nc6 13. e3 $11
{Weiß besitzt das Läuferpaar, aber die schwarze Stellung ist fest. Der
schwarzfeldrige Läufer entfaltet keine große Wirkung und es ist nicht leicht,
b3-b4 oder d3-d4 durchzusetzen.} Bf5 (13... Bg4 14. h3) 14. Nh4 (14. d4 $6 exd4
15. exd4 Re2 $15 {[%csl Ge2][%cal Ge2c2]} 16. Rac1 $2 Ne4 {[%csl Rc3]}) 14...
Bh7 15. Rae1 {Weiß bereitet den Zug 16.f2-f4 mit Initiative am Königsflügel
vor.} a4 $1 $13 16. b4 (16. f4 Qa5 $5 {[%cal Ga5c3]} (16... e4 $6 {Dieser Zug
ist nicht logisch, denn er belebt den schwarzfeldrigen Läufer.} 17. dxe4 Bxe4
18. Bxe4 Rxe4 19. Qd3 $14 {[%csl Gb2][%cal Gb2g7,Gh4f5]}) 17. Qxa5 Rxa5 {
[%cal Ra4b3,Rh7d3]}) 16... cxb4 17. axb4 d5 {[%cal Gd5d4] Die schwarze
Stellung ist bequem. Er hat Übergewicht im Zentrum.} 18. b5 (18. cxd5 $6 Nxd5 {
[%csl Rb4][%cal Rd5c3,Rd5b4,Rc6b4]} 19. Bxd5 Qxd5 20. e4 Qd6 $17 {[%csl Rb4,
Rd3,Yd4] Der Läufer h7 spielt nicht mit, aber Schwarz steht wegen der weißen
Schwächen auf b4 und in der d-Linie besser.}) 18... Na5 (18... Ne7 {Dieser Zug
ist auch möglich, wenngleich der Textzug logischer erscheint.}) 19. f4 {
Weiß öffnet seinem schwarzfeldrigen Läufer die Stellung.} e4 (19... d4 $5 20.
exd4 exd4 21. Rxe8+ (21. Qxd4 Bxd3 22. Qxd8 Rexd8 {[%cal Rd3f1,Rd3c4]}) 21...
Nxe8 22. Qa3 Nd6 $13) 20. g4 {[%cal Rg4g5,Gb2g7][%mdl 320] [#]Weiß mobilisiert
seine Reserven am Königsflügel und droht in einigen Varianten g4-g5.} (20. cxd5
Qxd5 21. Qb4 {[%cal Rb4a4,Rb2g7]} Qxd3 22. Bxf6 gxf6 $17 23. Qxa4 $2 Nc4 {
[%cal Ra8a4]} 24. Qb4 Nxe3 $19 {[%cal Re3c2,Rc2e1,Rc2b4,Re3f1]}) (20. f5 dxc4
21. dxc4 Rc8 {[%csl Rc4]} 22. c5 Nb3 $17 {[%csl Rc5]}) 20... Nb3 (20... exd3
21. Bxd5 a3 22. Ba1 {Weiß muß um jeden Preis in der langen Diagonalen bleiben.}
(22. Bxa3 $2 Nxd5 23. cxd5 Qxd5 $17) 22... Be4 23. Nf5 $132) 21. g5 (21. dxe4
Bxe4 22. Nf5 Bxg2 (22... Bxf5 23. gxf5 $13) 23. Kxg2 dxc4 {[%cal Rd8d5,Rd5g2]}
24. Rd1 Qb6 25. Rd6 $13 {[%csl Gb2,Gc3,Gd6,Gf5]}) 21... Nh5 (21... hxg5 22.
fxg5 Nh5 $5 $15 {[%cal Rd8g5]} 23. Nf5 Qxg5 24. h4 Qg6 (24... Qg4 $2 25. Nh6+ {
[%cal Rh6g4,Rh6g8]} gxh6 26. Qh8#)) 22. dxe4 hxg5 (22... Bxe4 23. Bxe4 Rxe4 (
23... dxe4 24. Nf5 $14) 24. Nf5 $40 {[%cal Rf5g7]}) 23. Nf5 (23. fxg5) 23...
Bxf5 $1 {Schwarz muß den gefährlichen Springer nehmen.} 24. exf5 gxf4 (24...
dxc4 $6 25. Bxb7 Ra7 26. Bc6 $16 {[%csl Gb2,Gc3,Rc4,Gc6]}) 25. Bxd5 {[%csl Gb2,
Gd5]} (25. exf4 Qb6+ 26. Kh1 dxc4 $17) 25... a3 $1 {[%csl Rb2] Der weiße
Läuferpaar ist in der offenen Stellung zu stark.} (25... fxe3 26. Bxb7 Rb8 27.
Bc6 $14) 26. Qxb3 (26. Bxb7 axb2 27. Bxa8 Nd2 $13) 26... axb2 27. Qxb2 $6 (27.
Bxb7 $5) 27... fxe3 $132 {[%csl Ge3]} 28. Qg2 (28. Bxb7 $5 Ra4 29. Bd5 Nf6 {
[%cal Gf6d5]} 30. Qb3 Ra5 31. Bf3 $14) 28... Qh4 {[%cal Rh5f4]} 29. Bxb7 Rad8
$44 {Weiß hat einen Bauern mehr, aber die schwarze Initiative am Königsflügel
ist gerfährlich. Die Anwesenheit der Damen erhöht die schwarzen Gegenchancen,
während im Endspiel Weiß wegen der verbundenen Freibauern klar im Vorteil wäre.
} 30. Bd5 Rxd5 $5 {Schwarz wird den gefährlichen weißferldrigen Läufer unter
Qualitätsopfer los.} (30... Nf4 31. Qf3 Nxd5 32. cxd5 Qd4 (32... Qe4 $6 33.
Qxe4 Rxe4 34. Rb1 Rxd5 35. b6 Rd8 36. b7 Rb8 37. Rfc1 $16) 33. Re2 Rxd5 34. b6
$11) 31. cxd5 Re4 {[%cal Re4g4,Rg4g1]} 32. h3 $8 (32. Kh1 $2 Rg4 33. Qxg4 Qxg4
34. Rxe3 Nf4 $19) 32... Nf4 {[%csl Ge3,Ge4,Gf4,Rg1,Gh4]} 33. Qxe4 $1 (33. Rxf4
Qxe1+ 34. Rf1 (34. Qf1 Qg3+ $19) 34... Qh4 {[%cal Re3e2]} 35. f6 (35. Kh2 e2
36. Rg1 Qf4+ 37. Kh1 Qe5 38. Re1 Qc3 {[%cal Rc3e1,Gc3h3]} 39. Rxe2 (39. Qxe4
Qxe1+ 40. Kh2 Qf2+ $19) 39... Qa1+ 40. Kh2 Qe5+ $19 {[%cal Re5h2,Re5e2]}) 35...
g6 $19) 33... Nxh3+ 34. Kg2 Qxe4+ 35. Kxh3 $11 {Nach unklaren Entwicklungen
haben wir eine gleiche Stellung. Schwarz kann seinen e-Bauern nicht halten,
bekommt aber die weißen b- und d-Bauern.} e2 (35... Qxd5 36. Rxe3 Qxb5 $11) 36.
Rf2 Qd3+ (36... Qe3+ 37. Kg2 Qg5+ $11) 37. Kh2 Qxd5 38. Rexe2 {Und es wurde in
gleicher Stellung Remis vereinbart.} (38. Rexe2 Qxb5 $11) 1/2-1/2

[Event "Donetzk zt"]
[Site "Donetsk"]
[Date "1998.11.08"]
[Round "6"]
[White "Tukmakov, Vladimir B"]
[Black "Shneider, Aleksandr"]
[Result "0-1"]
[WhiteElo "2605"]
[BlackElo "2540"]
[Annotator "Ribli,Z"]
[PlyCount "120"]
[EventDate "1998.11.02"]
[EventType "swiss"]
[EventRounds "11"]
[EventCountry "UKR"]
[SourceTitle "CBM 068"]
[Source "ChessBase"]
[SourceDate "1999.02.01"]
[SourceVersion "1"]
[SourceVersionDate "1999.02.01"]
[SourceQuality "1"]

1. Nf3 Nf6 2. c4 e6 3. Nc3 Bb4 4. g4 {Es ist interessant, daß Tukmakov, der
ansonsten eher einen positionellen Stil pflegt, diese Variante wählt. Ribli.}
h6 5. Rg1 {[#]} d5 {Meines Erachtens stellen sich dem Schwarzen keine Probleme,
solange er mit natürlichen Zügen fortsetzt, während mir der weiße Angriff mit
4.g4 und 5.Rg1 fraglich erscheint.} (5... d6 $5 {[#]} 6. h4 (6. g5 hxg5 7. Rxg5
g6 8. a3 Bxc3 9. bxc3 e5 10. c5 e4 11. Nd4 dxc5 12. Rxc5 Qd6 13. Qa4+ Bd7 14.
Qb4 b6 15. Rc4 c5 16. Nb5 Qc6 17. Rxe4+ Kf8 {0-1 Jimenez,P-Benjamin,J/New York
1998/CBM 64 (17)}) 6... e5 7. g5 hxg5 8. hxg5 Ng4 9. Nd5 Bc5 10. d4 Bb6 11.
Nxb6 axb6 12. Qd3 Nc6 13. Qe4 f5 14. gxf6 Qxf6 15. dxe5 dxe5 16. Rxg4 Bf5 17.
Rh4 Bxe4 18. Rxh8+ Ke7 19. Bg5 Rxh8 20. Bxf6+ gxf6 21. Bg2 Nd4 22. Nxd4 Bxg2
23. Nf5+ Ke6 24. Ng3 {1/2-1/2 Zvjaginsev,V-Benjamin,J/Groningen 1997/CBM 63 
(53)}) (5... b6 6. d3 Bb7 7. e4 d5 8. e5 Nfd7 9. a3 Bxc3+ 10. bxc3 dxc4 11. d4
b5 12. Rb1 a6 13. Bxc4 bxc4 14. Rxb7 Nb6 15. Qe2 Nc6 16. g5 Na5 17. Rxb6 cxb6
18. gxh6 gxh6 19. Bxh6 Qd5 20. Bg5 Kd7 21. h4 Nb3 22. Bf6 Nc1 23. Qe3 Nd3+ 24.
Kf1 Rh5 25. Nd2 {1-0 Pelletier,Y-Huss,A/Cannes 1998/CBM 63 ext (43)}) (5... c5
6. h4 Nc6 7. g5 hxg5 8. hxg5 Ng8 9. g6 f5 10. a3 Ba5 11. e4 Nf6 12. Ng5 Ng4 13.
Nf7 Qh4 14. Rxg4 fxg4 15. Nxh8 Nd4 16. Nf7 Nf3+ 17. Ke2 Nd4+ 18. Ke3 Bc7 19.
Nb5 Nxb5 20. cxb5 d5 21. Bg2 Bd7 22. a4 c4 23. Qh1 Bb6+ 24. d4 cxd3+ 25. Kxd3
Qxf2 26. Qh8+ Ke7 27. Bg5+ {1-0 Shabalov,A-Karklins,A/Philadelphia 1998/EXT 99
(27)}) 6. a3 (6. Qa4+ Nc6 7. Ne5 Qd6 8. Nxc6 bxc6 $13 {[%cal Gd6h2]}) 6... Be7
(6... Bxc3 $6 7. dxc3 dxc4 8. Qxd8+ Kxd8 9. Ne5 $14 {[%csl Gc1][%cal Re5c4,
Re5f7]}) 7. d4 Ne4 $5 $11 8. Qc2 (8. Nxe4 dxe4 9. Ne5 {Wegen 4...h6 kommt
jetzt der Zug 9...f6 nicht in Frage (10.Ng6).} c5 $13) 8... Nxc3 9. Qxc3 (9.
bxc3 dxc4 10. Qa4+ $11 (10. e4 b5 11. a4 $13)) 9... Nd7 {[%cal Gd7f6,Gf6e4]}
10. Bg2 $6 {Dieser Zug und der gesamte weiße Plan scheinen mir zu langsam zu
sein.} (10. g5 $5 hxg5 11. Bxg5 {[%cal Gg1g7]} Nf6 $11 {[%cal Gf6e4]}) 10...
O-O 11. Bh1 g5 $5 {Ein interessanter prophylaktischer Zug. Schwarz hat Angst
vor g4-g5 und spielt daher selbst ...g7-g5. Im folgenden kann er mit ...Kg7
fortsetzen und seine Königsstellung ist wirklich nicht so schwach.} 12. h4 c6 {
Schwarz muß die Stellung geschlossen halten.} (12... dxc4 13. Qxc4 Nb6 14. Qc2
$16) 13. hxg5 hxg5 14. Be3 f6 15. O-O-O $13 {Auf den ersten Blick hat Weiß
eine gute Angriffsstellung, aber in Wirklichkeit schafft er keine konkreten
Drohungen. Schwarz hat Entwicklungsprobleme mit dem Damenläufer, aber
ansonsten ist seine Stellung fest.} a5 {[%cal Gb7b5] Schwarz bereitet seinen
Angriff mit ...b7-b5 vor.} 16. Qc2 {[%cal Rc2g6,Rg6g8]} Kg7 17. Bd2 b5 (17...
Nb6 {[%cal Rb6c4]} 18. c5 Nc4 19. Bc3 b6 $5) 18. c5 (18. cxb5 cxb5 $15 {
[%cal Ga8c8,Gc8c1]}) 18... b4 {Schwarz opfert einen Bauern, um Linien am
Damenflügel zu öffnen.} 19. a4 (19. axb4 axb4 20. Bxb4 Ba6 $44 {[%cal Gb8b1]
Die Stellung ist unklar, aber Schwarz entfaltet positionellen Druck am
Damenflügel.}) 19... Qe8 {[%cal Ge8g6]} 20. Rde1 {Weiß bereitet den
Sprengungszug e2-e4 vor.} (20. e4 $5) 20... Qg6 21. e4 {[%cal Ge1e7]} (21.
Qxg6+ Kxg6 22. e4 $14) 21... Bd8 22. b3 {Weiß festigt den Damenflügel und
nimmt den eventuellen schwarzen Zwischzug ...b4-b3 aus der Stellung.} (22. Bg2
Ba6 23. exd5 Qxc2+ (23... Bd3 24. Qd1 exd5 25. Re6 $16 {[%csl Ge6][%cal Re6c6,
Ge6g6]}) 24. Kxc2 exd5 25. Rh1 $14) 22... Ba6 23. Bg2 Rh8 24. Bf1 (24. exd5
Qxc2+ 25. Kxc2 exd5 $11) 24... Bxf1 25. Rgxf1 Kf7 26. Re2 (26. e5 $2 Qxc2+ 27.
Kxc2 fxe5 28. Nxe5+ Nxe5 29. Rxe5 Bf6 $17) 26... Bc7 $11 {Endlich konsolidiert
Schwarz seine Stellung. Weiß entfaltet etwas Initiative über die e-Linie, aber
Schwarz kann sich gut verteidigen.} 27. Rfe1 {[%cal Ge1e8]} Rhe8 (27... Rae8)
28. Rh1 {Jetzt droht Weiß 29.exd5 exd5 30.Rh7 mit Gewinn.} Rh8 29. Rhe1 Rhe8 {
[#]} 30. Kd1 {Weiß ist nicht mit der Zugwiederholung zufrieden und weicht ihr
so aus. Eine andere Idee wird durch 30.Kd1 nicht verfolgt.} (30. exd5 Qxc2+ 31.
Kxc2 exd5 32. Rxe8 Rxe8 33. Rxe8 Kxe8 $11) 30... e5 $5 $13 {Dieser Zug führt
zu komplitziertem Spiel. Ich bin nicht überzeugt, daß dies objektiv gut ist,
aber in Zeitnot ist die Stellung jetzt für Weiß nicht angenehm.} 31. dxe5 $6 (
31. exd5 $5 Qxc2+ (31... e4 $2 32. dxc6 exf3 33. Re7+ $18) 32. Kxc2 cxd5 (32...
exd4 33. Rxe8 Rxe8 34. Rxe8 Kxe8 35. dxc6 $16) 33. c6 $16) 31... Nxe5 32. Nd4
$2 {[%cal Gd4f5] Weiß spielt aggressiv auf Gewinn, aber Schwarz erlangt gutes
Gegenspiel.} (32. Nxe5+ Bxe5 (32... fxe5 $11) 33. exd5 Qxc2+ 34. Kxc2 cxd5 35.
Bxg5 Rac8 $11 (35... fxg5 $2 36. Rxe5 Rxe5 37. Rxe5 $18)) 32... Nxg4 33. Nf5 (
33. Nxc6 dxe4 $17 {[%cal Gg4f2,Gf2d1,Gf2e4]} (33... Rxe4 $2 34. f3 Rxe2 35.
Qxg6+ Kxg6 36. Rxe2 Ne5 37. Ne7+ $132 {[%cal Re7g6,Re7d5,Rd5c7]})) 33... dxe4
$17 {[%cal Gg4f2,Gf2e4,Gf2d1] Wegen des Springers auf g4 kann Weiß nicht auf
e4 nehmen und Schwarz behauptet zwei Mehrbauern.} 34. Qc4+ Kf8 35. Nd6 {
Das ist die einzige weiße Gegenchance.} Bxd6 (35... Re5 $5 36. Rh1 (36. Nxe4
Rxe4 37. Rxe4 Nxf2+ 38. Kc1 Rd8 $17) 36... Kg7 $17) 36. cxd6 Ne5 $6 (36... Rad8
$5 {[%csl Rd6]} 37. Qxc6 e3 {[%cal Gg6b1]} 38. Bxe3 Rc8 {[%csl Rd1]}) 37. Qd4 (
37. Qxe4 Qxe4 38. Rxe4 Nd3 $1 $17 {[%cal Rd3e1,Rd3f2]} (38... Rad8 39. Bxg5
Rxd6+ 40. Kc2 fxg5 41. Rxe5 Rxe5 42. Rxe5 Rd5 $15)) 37... Rad8 {[%cal Rd8d1]}
38. Rxe4 Qf5 (38... Re6 $1 {[%cal Re6d6,Rd8d1]} 39. d7 Rxd7 40. Qxd7 (40. Qc5+
Kg7 $19) 40... Nxd7 41. Rxe6 Qb1+ 42. Ke2 Qxb3 $19) 39. f4 $5 gxf4 40. Rxf4 (
40. Bxf4 Re6 $17 {[%csl Rd1,Rd4,Rd6]} (40... Qe6 $2 41. Bxe5 Qxb3+ 42. Kc1 Rxe5
43. Rxe5 Qa3+ $11)) 40... Qe6 $1 {[%csl Ge6][%cal Re6b3,Rd8d1]} 41. Rxe5 $8 {
Weiß muß für etwas Gegenspiel die Qualität geben.} Qxe5 42. Rxf6+ Kg7 43. Rf4 (
43. Qxe5 Rxe5 44. Rh6 Rd5 $19) 43... Qxd4 (43... Rxd6 $1 44. Rg4+ Kf7 45. Rf4+
Ke6 46. Qc4+ Qd5 $19) 44. Rxd4 {Schwarz hat eine klare Qualität mehr und sehr
gute Gewinnchancen.} Re5 45. Kc2 Rd5 46. Rxd5 cxd5 47. Kd3 {[%mdl 4096]} Kf6 {
Schwarz hat verschiedene Gewinnmöglichkeiten.} (47... Rxd6 $19) 48. Kd4 Ke6 49.
Kc5 Rc8+ $1 (49... Rxd6 50. Kb5 {[%csl Ra5,Rb4]}) 50. Kb5 d4 51. Kxa5 d3 $19 {
Schwarz steht auf Gewinn. Weiß muß den Läufer geben.} 52. Kb6 Rc2 {[%csl Gc2,
Gd3]} 53. Bxb4 d2 54. Bxd2 Rxd2 {[%csl Gd2,Ge6]} 55. a5 {Schwarz hat eine
Gewinnstellung, denn sein König steht in der Nähe der weißen Bauern,} (55. b4
Kxd6 $19) 55... Kxd6 56. a6 (56. b4 Kd7 57. Kb7 (57. b5 Kc8 $19) 57... Rb2 $19)
56... Rb2 {[%csl Rb3]} 57. a7 Rxb3+ 58. Ka6 (58. Ka5 Kc7 59. a8=N+ Kb7 $19)
58... Kc7 $1 {[#] Das ist ein bekanntes, aber schönes Motiv in diesem Endspiel.
} 59. a8=N+ (59. a8=Q Ra3+ $19) 59... Kc6 {[%csl Ra8]} 60. Ka7 Rb1 $22 {
Und Weiß muß wegen Zugzwangs aufgeben.} (60... Rb1 61. Ka6 Ra1#) 0-1

[Event "Horgen"]
[Site "Horgen"]
[Date "1995.10.24"]
[Round "4"]
[White "Kramnik, Vladimir"]
[Black "Gulko, Boris F"]
[Result "1-0"]
[WhiteElo "2730"]
[BlackElo "2620"]
[Annotator "Ribli,Z"]
[PlyCount "51"]
[EventDate "1995.10.??"]
[EventType "tourn"]
[EventRounds "11"]
[EventCountry "SUI"]
[EventCategory "17"]
[SourceTitle "CBM 050"]
[Source "ChessBase"]
[SourceDate "1996.02.01"]
[SourceVersion "1"]
[SourceVersionDate "1996.02.01"]
[SourceQuality "1"]

1. Nf3 Nf6 2. c4 e6 3. Nc3 Bb4 4. g3 b6 5. Bg2 Bb7 6. O-O (6. d3 $5 O-O 7. e4
d5 8. e5 Nfd7 9. cxd5 Bxd5 10. O-O Bxc3 11. bxc3 Nc6 12. d4 f6 13. Qc2 $5 fxe5
14. Ng5 Nf6 15. Nxe6 Bxe6 16. Bxc6 exd4 17. cxd4 (17. Rd1 {Ribli,Z-Rozentalis,
E/BL9293/INF57,12/} Bd5 $1 18. Rxd4 Bxc6 19. Rxd8 Raxd8 $44) 17... Rb8 18. Ba3
Rf7 19. d5 Bd7 20. Rad1 Ne8 21. Rfe1 $14 {Yermolinsky,A-Johansen,D/Moscow olm/
1994/EXP44/}) 6... O-O 7. d3 {Weiss waehlt eine seltene Fortsetzung.} (7. Qc2
$5) 7... d5 8. cxd5 exd5 9. Bf4 Re8 $6 (9... Bd6 10. Qd2 Bxf4 $6 (10... c5 $5
$10 {Mecking}) 11. Qxf4 Nbd7 12. e4 Nc5 13. e5 Ne6 14. Qa4 Ne8 15. d4 $16 {
Pfleger,H-Mecking,H/Hastings/1971/INF13,36/}) (9... a6 $5) 10. Nb5 $1 {
Normalerweise steht der weisse d-Bauer in der Damenindische Verteidigung auf
d4 und dann ist dieser Zug ist nicht gefaerhlich. Kramnik zeigt, was der
Unterschied in der Bauernstellung bedeutet.} Na6 11. Rc1 c6 12. Nbd4 {Das Feld
d4 ist frei für den N.} Bc5 13. a3 $1 {Jetzt stehen alle schwarzen Figuren am
Damenfluegel harmlos.} Nh5 (13... Nc7 14. b4 Bxd4 15. Nxd4 $16) 14. Bd2 Qd7 15.
e3 Nf6 16. Bc3 Nc7 17. b4 Bd6 18. Qc2 Rac8 (18... Ne6 19. Nf5 $36) 19. Qb2 Re7
20. Nh4 $1 {Schwarz befindet sich in grosser Not.} c5 21. Ndf5 Re6 22. Nxd6
Rxd6 23. bxc5 Rc6 24. Nf3 $1 Rxc5 25. Bxf6 gxf6 $2 (25... Rxc1 26. Rxc1 gxf6
27. Qxf6 $18) 26. Rxc5 {Der junge russische Weltklasse Spieler zeigte wie
"einfach" man Schach spielt.} 1-0